| 000 | 01006naa a22002537a 4500 | ||
|---|---|---|---|
| 001 | BR8803069 | ||
| 003 | BR-BrBNA | ||
| 005 | 20240918180114.0 | ||
| 007 | ta | ||
| 008 | 230509b bl.||||| |||| 00| 0 por d | ||
| 040 |
_aBR-BrBNA _bpor _cBiblioteca Nacional de Agricultura |
||
| 041 | _a(Pt) | ||
| 072 | _aQ03 | ||
| 090 | _aQ03 BR8803069 | ||
| 100 | 1 | _aLara, W.H. | |
| 111 | 1 |
_a10. Encontro Nacional de Analistas de Residuos de Pesticidas _cSao Paulo, SP (Brazil) _d26-28 May 1986 |
|
| 245 | 1 | _aAmostragem na analise de residuos: para avaliacao de ingestao pela dieta | |
| 260 | 3 |
_aSao Paulo, SP (Brasil): _c1986. |
|
| 500 | _aRelatorio 10. Encontro Nacional de Analistas de Residuos de Pesticidas Sao Paulo, SP (Brasil): 1986. p. 54-59 (BR8803069-AM)Q03 | ||
| 650 | _aHIGIENE DE ALIMENTO | ||
| 773 | 0 |
_tRelatorio 10. Encontro Nacional de Analistas de Residuos de Pesticidas _wQ03 BR8803069 _gSao Paulo, SP (Brasil), 1986. p. 54-59 |
|
| 909 |
_a202404 _bLucia _c55 _dLucia Elande |
||
| 942 |
_cAM _2AGRIS |
||
| 999 |
_c319249 _d319249 |
||